Memoria y cultura popular costarricense selección de ponencias y comentarios presentados al primer encuentro sobre memoria colectiva y cultura popular costarricense /

Сохранить в:
Библиографические подробности
Соавтор: Memoria Colectiva y Cultura Popular Costarricense
Формат: Материалы конференции
Язык:Spanish
Опубликовано: San José Centro Nacional de Acción Pastoral, CENAP 1986
Редактирование:1. edición
Предметы:
Метки: Добавить метку
Нет меток, Требуется 1-ая метка записи!

MARC

LEADER 00000nam a22000007a 4500
003 cru CIDCACS/IIS
005 20200925161142.0
008 161118b1986 cr a|||| |||| 00| 0 spa d
040 |c CRAI/IIS  |a CRAI/IIS 
090 |a 05.02.01 M533m 
111 2 |9 622  |a Memoria Colectiva y Cultura Popular Costarricense 
245 1 0 |a Memoria y cultura popular costarricense  |b selección de ponencias y comentarios presentados al primer encuentro sobre memoria colectiva y cultura popular costarricense /  |c Patricia Badilla Gómez, compiladora 
250 |a 1. edición 
260 |a San José  |b Centro Nacional de Acción Pastoral, CENAP  |c 1986 
300 |a 116 páginas 
500 |a Colección Alforja 
650 1 0 |9 623  |a CULTURA POPULAR 
650 1 0 |9 631  |a BIOGRAFIAS 
650 1 0 |9 624  |a CAMPESINADO 
650 1 0 |9 625  |a HISTORIA SOCIAL 
650 1 0 |9 626  |a MUSEOS 
650 1 0 |9 416  |a INTELECTUALES 
942 |2 ddc  |c LI 
999 |c 18748  |d 18748